[Event "ISL-ch"]
[Site "Hafnarfjordur"]
[Date "2023.05.22"]
[Round "8"]
[White "Danielsen, Henrik"]
[Black "Kjartansson, Gudmundur"]
[Result "0-1"]
[WhiteElo "2501"]
[BlackElo "2402"]
[PlyCount "44"]
[EventDate "2023.05.15"]
[EventType "tourn"]
[EventRounds "11"]
[EventCountry "ISL"]
[EventCategory "6"]
[SourceTitle "CBM 214 Extra"]
[Source "ChessBase"]
[SourceDate "2023.07.31"]
[SourceVersion "1"]
[SourceVersionDate "2023.07.31"]
[SourceQuality "1"]

1. d4 Nf6 2. Nf3 d5 3. e3 e6 4. Bd3 c5 5. 0-0 Nc6 6. c3 Qc7 7. Nbd2 Bd7 8. Qe2 Be7 9. dxc5 Bxc5 10. b4 Be7 11. Bb2 0-0 12. a3 Ne5 13. Nxe5 Qxe5 14. Rab1 Qc7 15. c4 dxc4 16. Nxc4 Ba4 17. Rbc1 Rfd8 18. Ne5 Qd6 19. Bd4 Rac8 20. Qf3 Qd5 21. Qg3 Bb5 22. Ng4 Nh5 0-1

[Event "ISL-ch"]
[Site "Hafnarfjordur"]
[Date "2023.05.20"]
[Round "6"]
[White "Danielsen, Henrik"]
[Black "Hjartarson, Johann"]
[Result "0-1"]
[WhiteElo "2501"]
[BlackElo "2466"]
[PlyCount "70"]
[EventDate "2023.05.15"]
[EventType "tourn"]
[EventRounds "11"]
[EventCountry "ISL"]
[EventCategory "6"]
[SourceTitle "CBM 214 Extra"]
[Source "ChessBase"]
[SourceDate "2023.07.31"]
[SourceVersion "1"]
[SourceVersionDate "2023.07.31"]
[SourceQuality "1"]

1. g3 g6 2. c4 Bg7 3. Bg2 Nf6 4. Nc3 0-0 5. e4 d6 6. Nge2 c5 7. 0-0 Nc6 8. d3 a6 9. h3 Rb8 10. a4 Ne8 11. Be3 e5 12. Nd5 Nc7 13. Nec3 Nxd5 14. Nxd5 Be6 15. Nc3 b6 16. Kh2 Qd7 17. h4 f5 18. exf5 gxf5 19. f4 Kh8 20. Qd2 Nb4 21. Rae1 a5 22. Rd1 Rg8 23. fxe5 dxe5 24. Bg5 Rbf8 25. Bh3 f4 26. Bxe6 Qxe6 27. Qe2 fxg3+ 28. Kg2 Rf2+ 29. Rxf2 gxf2 30. Ne4 Nc6 31. Nxf2 Nd4 32. Qe4 Bf6 33. Nh3 h6 34. Rh1 Qc6 35. Kf2 hxg5 0-1

[Event "ISL-ch"]
[Site "Hafnarfjordur"]
[Date "2023.05.18"]
[Round "4"]
[White "Danielsen, Henrik"]
[Black "Heimisson, Hilmir Freyr"]
[Result "0-1"]
[WhiteElo "2501"]
[BlackElo "2353"]
[PlyCount "82"]
[EventDate "2023.05.15"]
[EventType "tourn"]
[EventRounds "11"]
[EventCountry "ISL"]
[EventCategory "6"]
[SourceTitle "CBM 214 Extra"]
[Source "ChessBase"]
[SourceDate "2023.07.31"]
[SourceVersion "1"]
[SourceVersionDate "2023.07.31"]
[SourceQuality "1"]

1. g3 d5 2. Bg2 Nf6 3. Nf3 e6 4. 0-0 c5 5. c4 d4 6. d3 Nc6 7. e3 h6 8. exd4 cxd4 9. Bf4 Nd7 10. Re1 Bb4 11. Nbd2 a5 12. a3 Be7 13. Nb3 g5 14. Be5 Rg8 15. g4 a4 16. Nc1 h5 17. h3 hxg4 18. hxg4 Ncxe5 19. Nxe5 Bd6 20. Nf3 Qf6 21. Ne2 Ne5 22. Nxe5 Bxe5 23. Ng3 Bxg3 24. fxg3 Rh8 25. Rf1 Qg7 26. Qf3 Ra6 27. c5 Rc6 28. Rac1 Bd7 29. Rce1 Rc7 30. Qd5 Qh6 31. Qxd4 Qh2+ 32. Kf2 Bc6 33. Rg1 Rh6 34. Kf1 Rd7 35. Qf2 Rxd3 36. Bxc6+ bxc6 37. Rg2 Qh3 38. Re3 Rxe3 39. Qxe3 Qxg4 40. Qe5 Qd1+ 41. Kf2 Rh1 0-1

[Event "ISL-ch"]
[Site "Hafnarfjordur"]
[Date "2023.05.17"]
[Round "3"]
[White "Stefansson, Hannes"]
[Black "Danielsen, Henrik"]
[Result "1-0"]
[WhiteElo "2521"]
[BlackElo "2501"]
[PlyCount "78"]
[EventDate "2023.05.15"]
[EventType "tourn"]
[EventRounds "11"]
[EventCountry "ISL"]
[EventCategory "6"]
[SourceTitle "CBM 214 Extra"]
[Source "ChessBase"]
[SourceDate "2023.07.31"]
[SourceVersion "1"]
[SourceVersionDate "2023.07.31"]
[SourceQuality "1"]

1. e4 e5 2. Nf3 Nf6 3. Nxe5 d6 4. Nf3 Nxe4 5. Nc3 Nxc3 6. dxc3 Be7 7. Bf4 Nc6 8. Qd2 Be6 9. 0-0-0 Qd7 10. Kb1 Bf6 11. Ng5 Bxg5 12. Bxg5 f6 13. Be3 0-0-0 14. b3 Kb8 15. f3 Qf7 16. Bf2 Rhe8 17. Bb5 Bd7 18. h3 Re7 19. Rhe1 Rde8 20. Rxe7 Rxe7 21. Kb2 Ne5 22. Bf1 h6 23. a4 Nc6 24. g3 Qe8 25. f4 Bf5 26. a5 Be4 27. a6 b6 28. g4 Bf3 29. Ra1 Nd8 30. c4 Nf7 31. Qc3 Ba8 32. b4 Re4 33. c5 Bc6 34. cxb6 Rxf4 35. bxc7+ Kc8 36. Bxa7 Ne5 37. Bb6 Ba8 38. Be3 Rf3 39. Re1 Bd5 1-0

[Event "ISL-ch"]
[Site "Hafnarfjordur"]
[Date "2023.05.16"]
[Round "2"]
[White "Danielsen, Henrik"]
[Black "Thorfinnsson, Bragi"]
[Result "1-0"]
[WhiteElo "2501"]
[BlackElo "2431"]
[PlyCount "109"]
[EventDate "2023.05.15"]
[EventType "tourn"]
[EventRounds "11"]
[EventCountry "ISL"]
[EventCategory "6"]
[SourceTitle "CBM 214 Extra"]
[Source "ChessBase"]
[SourceDate "2023.07.31"]
[SourceVersion "1"]
[SourceVersionDate "2023.07.31"]
[SourceQuality "1"]

1. d4 Nf6 2. Nf3 g6 3. Nbd2 d5 4. e3 Bg7 5. b4 0-0 6. Be2 Nbd7 7. Bb2 a5 8. b5 a4 9. Rb1 c5 10. bxc6 bxc6 11. 0-0 Qa5 12. c4 Ba6 13. Qc2 c5 14. Rfc1 cxd4 15. Bxd4 Rfc8 16. Qd1 Ne8 17. cxd5 Bxe2 18. Qxe2 Qxd5 19. Nc4 Rab8 20. Rxb8 Nxb8 21. Bxg7 Nxg7 22. Nfd2 Ne6 23. Qd1 Qc6 24. Rb1 Nd7 25. Rb4 Ndc5 26. Qf3 Qxf3 27. gxf3 Rd8 28. Kg2 Rd3 29. Ne4 Nxe4 30. fxe4 Nc5 31. Kf3 Rc3 32. Nb6 Rc2 33. Rc4 Rxc4 34. Nxc4 f6 35. e5 f5 36. Ke2 Kf7 37. f4 Ke6 38. Nb6 g5 39. fxg5 Kxe5 40. Kf3 Kd6 41. h4 e5 42. a3 Ke6 43. Kg3 Ne4+ 44. Kh3 Nc3 45. h5 Nb5 46. Nc4 Nc7 47. h6 Nd5 48. Nb6 Ne7 49. Nxa4 Kf7 50. Nc5 Kg6 51. Kh4 f4 52. e4 Kf7 53. a4 Ng6+ 54. Kg4 Ke7 55. a5 1-0

[Event "DEN-chT 2223 60th"]
[Site "Denmark"]
[Date "2023.03.05"]
[Round "7.3"]
[White "Danielsen, Henrik"]
[Black "Hansen, Mads Smith"]
[Result "1-0"]
[WhiteElo "2496"]
[BlackElo "2375"]
[PlyCount "63"]
[EventDate "2022.10.29"]
[EventType "team-tourn"]
[EventRounds "9"]
[EventCountry "DEN"]
[SourceTitle "EXT 2024"]
[Source "ChessBase"]
[SourceDate "2023.10.10"]
[SourceVersion "1"]
[SourceVersionDate "2023.10.10"]
[SourceQuality "1"]
[WhiteTeam "Koge Xtracon"]
[BlackTeam "Obro"]
[WhiteTeamCountry "DEN"]
[BlackTeamCountry "DEN"]

1. Nf3 Nf6 2. d4 c5 3. e3 cxd4 4. exd4 d5 5. c3 Nc6 6. Bf4 Bg4 7. Nbd2 e6 8. Qb3 Bd6 9. Qxb7 Bxf4 10. Qxc6+ Kf8 11. Bd3 h5 12. h3 Bxf3 13. Nxf3 h4 14. 0-0 g5 15. Ne5 Kg7 16. Rae1 Rb8 17. Nxf7 Kxf7 18. Qxe6+ Kg7 19. Qf5 Rxb2 20. Qg6+ Kf8 21. Re6 Rb6 22. Rfe1 Rg8 23. Qh6+ Kf7 24. Bf5 Bd2 25. R1e5 Bf4 26. Re1 Bd2 27. R1e2 Bxc3 28. Bg4 Nxg4 29. Qh5+ Kf8 30. Re8+ Kg7 31. R2e7+ Kf6 32. Qf7# 1-0

[Event "Wch Seniors 50 30th"]
[Site "Assisi"]
[Date "2022.11.26"]
[Round "11"]
[White "Paschall, William M"]
[Black "Danielsen, Henrik"]
[Result "1/2-1/2"]
[WhiteElo "2343"]
[BlackElo "2514"]
[PlyCount "80"]
[EventDate "2022.11.15"]
[EventType "swiss"]
[EventRounds "11"]
[EventCountry "ITA"]
[SourceTitle "CBM 211 Extra"]
[Source "ChessBase"]
[SourceDate "2023.01.31"]
[SourceVersion "1"]
[SourceVersionDate "2023.01.31"]
[SourceQuality "1"]

1. d4 d6 2. c4 e5 3. Nc3 exd4 4. Qxd4 Be6 5. b3 Nf6 6. e4 Nc6 7. Qd2 a5 8. Bd3 a4 9. Rb1 axb3 10. axb3 g6 11. Nge2 Bg7 12. 0-0 0-0 13. Bb2 Re8 14. Nd5 Bxd5 15. cxd5 Ne5 16. Nc3 c6 17. dxc6 bxc6 18. Be2 Rb8 19. Qc2 Qb6 20. Bc1 d5 21. exd5 cxd5 22. Na4 Qb4 23. Bd2 Qh4 24. Be1 Qf4 25. Bd2 Qh4 26. Be1 Rbc8 27. Qd1 Qe4 28. Nc3 Qf5 29. Nb5 Neg4 30. Nd4 Qe4 31. Bf3 Qf4 32. g3 Qg5 33. h3 Ne5 34. Bg2 Nc6 35. Nxc6 Rxc6 36. Bd2 Qf5 37. Be3 Ne4 38. Qf3 Qc8 39. Rbd1 Nc3 40. Rd3 Qa6 1/2-1/2

[Event "ISL-chT Kvika 2223"]
[Site "Reykjavik"]
[Date "2022.10.15"]
[Round "4.1"]
[White "Pakleza, Zbigniew"]
[Black "Danielsen, Henrik"]
[Result "1/2-1/2"]
[WhiteElo "2496"]
[BlackElo "2521"]
[PlyCount "23"]
[EventDate "2022.10.13"]
[EventType "team-tourn"]
[EventRounds "10"]
[EventCountry "ISL"]
[SourceTitle "CBM 213 Extra"]
[Source "ChessBase"]
[SourceDate "2023.05.31"]
[SourceVersion "1"]
[SourceVersionDate "2023.05.31"]
[SourceQuality "1"]
[WhiteTeam "Vikingaklubburinn"]
[BlackTeam "Skakdeild KR"]
[WhiteTeamCountry "ISL"]
[BlackTeamCountry "ISL"]

1. d4 d5 2. c4 c6 3. cxd5 cxd5 4. Nc3 Nf6 5. Bf4 Nc6 6. e3 a6 7. Bd3 Bg4 8. f3 Bh5 9. Nge2 Bg6 10. 0-0 e6 11. Rc1 Bxd3 12. Qxd3 1/2-1/2

[Event "DEN-ch Seniors 50"]
[Site "Aalborg"]
[Date "2022.02.25"]
[Round "6"]
[White "Danielsen, Henrik"]
[Black "Pilgaard, Erik"]
[Result "1-0"]
[WhiteElo "2525"]
[BlackElo "1383"]
[PlyCount "65"]
[EventDate "2022.02.20"]
[EventType "swiss"]
[EventRounds "7"]
[EventCountry "DEN"]
[SourceTitle "EXT 2024"]
[Source "ChessBase"]
[SourceDate "2023.10.10"]
[SourceVersion "1"]
[SourceVersionDate "2023.10.10"]
[SourceQuality "1"]

1. e4 e5 2. Nf3 Nc6 3. Be2 Nf6 4. d3 d5 5. Nbd2 Bc5 6. c3 dxe4 7. dxe4 0-0 8. b4 Bb6 9. 0-0 a5 10. b5 Na7 11. a4 Qe7 12. Qc2 c6 13. Nc4 Bc5 14. b6 Nb5 15. axb5 cxb5 16. Nxa5 Bg4 17. h3 Bh5 18. Nh4 Qd6 19. Nxb7 Qxb6 20. Rxa8 Bxf2+ 21. Rxf2 Rxa8 22. Bxh5 Nxh5 23. Nf5 Qxb7 24. Bg5 h6 25. Qd1 hxg5 26. Qxh5 g6 27. Qxg5 Qa7 28. Nh6+ Kg7 29. Ng4 Rh8 30. Qxe5+ Kh7 31. Nf6+ Kh6 32. Ne8 Rg8 33. Qf4+ 1-0

[Event "DEN-chT 2122 59th"]
[Site "Denmark"]
[Date "2021.10.31"]
[Round "2.1"]
[White "Vinter Schou, Uffe"]
[Black "Danielsen, Henrik"]
[Result "0-1"]
[WhiteElo "2297"]
[BlackElo "2517"]
[PlyCount "155"]
[EventDate "2021.10.30"]
[EventType "team-tourn"]
[EventRounds "9"]
[EventCountry "DEN"]
[SourceTitle "CBM 204 Extra"]
[Source "ChessBase"]
[SourceDate "2021.11.30"]
[SourceVersion "1"]
[SourceVersionDate "2021.11.30"]
[SourceQuality "1"]
[WhiteTeam "Aarhus/Skolerne"]
[BlackTeam "Koge Xtracon"]
[WhiteTeamCountry "DEN"]
[BlackTeamCountry "DEN"]

1. e4 e5 2. Nf3 Nf6 3. Nc3 Bb4 4. Nxe5 0-0 5. Be2 Re8 6. Nd3 Bxc3 7. dxc3 Nxe4 8. Nf4 d6 9. 0-0 Nd7 10. Be3 Ndf6 11. c4 b6 12. Re1 Bb7 13. Bf1 Qd7 14. f3 Nc5 15. Qd2 Ne6 16. Nd5 Nxd5 17. cxd5 Nf8 18. Bf2 Rxe1 19. Rxe1 Re8 20. Rxe8 Qxe8 21. Qd4 Ng6 22. b3 Ne7 23. c4 Bc8 24. Qb2 Ng6 25. Bd4 f6 26. Qd2 Bf5 27. g4 Bd7 28. Qe3 Ne5 29. h3 g5 30. Qe4 c5 31. Bc3 Qe7 32. f4 gxf4 33. Qxf4 Be8 34. Bg2 h5 35. gxh5 Bxh5 36. Kh2 Bg6 37. Qh6 Qh7 38. Qf4 Kg7 39. Bd2 Bf5 40. Qg3+ Qg6 41. Qe3 Qh5 42. Qf4 Bb1 43. a3 Qe2 44. Qg3+ Kf7 45. Bh6 Bg6 46. Qf4 Bh5 47. Kg3 Qd3+ 48. Kh2 Qc2 49. Qe3 Bf3 50. Qd2 Qxb3 51. Bf1 Be4 52. Be2 Qb1 53. Qc1 Qxc1 54. Bxc1 Bd3 55. Bh5+ Kg7 56. Be8 Bxc4 57. Bc6 b5 58. Kg3 a5 59. Bd2 b4 60. axb4 axb4 61. Kf4 Bd3 62. Ba4 Bf1 63. h4 Bg2 64. Kf5 Bxd5 65. h5 Kf7 66. Bc2 b3 67. Bb1 Nc4 68. Bc3 Na3 69. Bd3 c4 70. Be2 Be6+ 71. Ke4 Nb5 72. Bb2 d5+ 73. Kf4 d4 74. h6 Kg6 75. Bh5+ Kxh6 76. Be8 Nc3 77. Bc6 Kg7 78. Bc1 0-1

[Event "EU-Cup 36th"]
[Site "Struga"]
[Date "2021.09.18"]
[Round "1.6"]
[White "Danielsen, Henrik"]
[Black "Winkels, Marcel"]
[Result "1-0"]
[WhiteElo "2521"]
[BlackElo "1992"]
[PlyCount "98"]
[EventDate "2021.09.18"]
[EventType "team-swiss"]
[EventRounds "7"]
[EventCountry "MKD"]
[SourceTitle "CBM 204 Extra"]
[Source "ChessBase"]
[SourceDate "2021.11.30"]
[SourceVersion "1"]
[SourceVersionDate "2021.11.30"]
[SourceQuality "1"]
[WhiteTeam "XtraCon Team"]
[BlackTeam "Zuid Limburg"]
[WhiteTeamCountry "DEN"]
[BlackTeamCountry "NED"]

1. d4 Nf6 2. Nf3 e6 3. c4 c5 4. e3 d5 5. a3 a6 6. dxc5 Bxc5 7. b4 Be7 8. Bb2 dxc4 9. Qxd8+ Bxd8 10. Bxc4 0-0 11. Nbd2 b5 12. Bd3 Bb7 13. Ke2 Nbd7 14. Rac1 Bb6 15. h3 Rfc8 16. e4 h6 17. g3 Ne8 18. Rhd1 Rxc1 19. Rxc1 Rc8 20. Rxc8 Bxc8 21. Bd4 e5 22. Bc3 f6 23. Nh4 Nd6 24. Bc2 g5 25. Nf5 Nxf5 26. exf5 Kf7 27. Ne4 Ke7 28. f3 Ba7 29. Bb3 Bb7 30. Kd3 Bb6 31. a4 Bc6 32. a5 Ba7 33. Be6 Bg1 34. Bd2 Nb8 35. f4 gxf4 36. gxf4 Bd7 37. fxe5 fxe5 38. Bxd7 Kxd7 39. Bxh6 Nc6 40. Bf8 Bd4 41. h4 Ke8 42. Bd6 Nd8 43. h5 Kf7 44. h6 Bb2 45. Bc7 Nc6 46. Bd6 Bc1 47. h7 Kg7 48. f6+ Kxh7 49. f7 Nb8 1-0

[Event "DEN Club Cup"]
[Site "Koge"]
[Date "2021.06.27"]
[Round "5.3"]
[White "Danielsen, Henrik"]
[Black "Hansen, Soren Bech"]
[Result "1-0"]
[WhiteElo "2516"]
[BlackElo "2274"]
[PlyCount "107"]
[EventDate "2021.06.25"]
[EventType "team-tourn"]
[EventRounds "5"]
[EventCountry "DEN"]
[SourceTitle "EXT 2023"]
[Source "ChessBase"]
[SourceDate "2022.10.05"]
[SourceVersion "1"]
[SourceVersionDate "2022.10.05"]
[SourceQuality "1"]
[WhiteTeam "Koge Xtracon"]
[BlackTeam "Obro"]
[WhiteTeamCountry "DEN"]
[BlackTeamCountry "DEN"]

1. g3 Nf6 2. Bg2 c5 3. e4 e6 4. Nh3 Nc6 5. d3 Be7 6. 0-0 0-0 7. f4 d6 8. g4 d5 9. g5 Ne8 10. c4 dxc4 11. dxc4 Qxd1 12. Rxd1 Nd4 13. Nc3 Bd7 14. Be3 Bc6 15. Bxd4 cxd4 16. Ne2 Rd8 17. Nf2 e5 18. fxe5 Bxg5 19. Nxd4 Nc7 20. Nxc6 bxc6 21. Rd6 c5 22. Rad1 Ne6 23. R1d5 Be3 24. Kf1 Rb8 25. Nd3 Bd4 26. b3 a5 27. Ra6 f5 28. Ke2 fxe4 29. Bxe4 Nf4+ 30. Kd2 Nxd3 31. Kxd3 Rf2 32. Rxd4 cxd4 33. c5 Rxa2 34. Bd5+ Kf8 35. c6 Ra1 36. Ra7 a4 37. c7 Rc8 38. Be6 axb3 39. Rxa1 Rxc7 40. Kxd4 b2 41. Rb1 Rc2 42. h3 g6 43. Bc4 Ke7 44. Kd3 Rh2 45. Kc3 Rxh3+ 46. Kxb2 Re3 47. e6 h5 48. Kc2 h4 49. Rb7+ Kf6 50. Kd2 Re5 51. Rf7+ Kg5 52. Rh7 Re4 53. e7 h3 54. Bb5 1-0

[Event "DEN-ch Seniors 50+"]
[Site "Logumkloster"]
[Date "2021.05.30"]
[Round "1"]
[White "Oehlerich, Per"]
[Black "Danielsen, Henrik"]
[Result "0-1"]
[WhiteElo "1905"]
[BlackElo "2516"]
[PlyCount "106"]
[EventDate "2021.05.30"]
[EventType "swiss"]
[EventRounds "7"]
[EventCountry "DEN"]
[SourceTitle "CBM 203 Extra"]
[Source "ChessBase"]
[SourceDate "2021.09.30"]
[SourceVersion "1"]
[SourceVersionDate "2021.09.30"]
[SourceQuality "1"]

1. e4 g6 2. c4 d6 3. Nc3 c5 4. g3 Nc6 5. Bg2 Bg7 6. Nge2 Bg4 7. f3 Bd7 8. d3 Nf6 9. 0-0 0-0 10. Be3 Ne8 11. Qd2 Nc7 12. d4 cxd4 13. Nxd4 Ne6 14. Nxe6 Bxe6 15. b3 Qa5 16. Rac1 Rfc8 17. Rfd1 h5 18. Nd5 Qxd2 19. Rxd2 Bxd5 20. exd5 Ne5 21. Bd4 b5 22. f4 Ng4 23. Bxg7 Kxg7 24. Re2 bxc4 25. bxc4 Kf6 26. h3 Nh6 27. g4 Ng8 28. Rb2 hxg4 29. hxg4 g5 30. Rf2 Nh6 31. fxg5+ Kxg5 32. Rc3 Rab8 33. Be4 f5 34. Bxf5 Rf8 35. Be4 Rxf2 36. Kxf2 Kf4 37. Bd3 Nxg4+ 38. Ke2 Rh8 39. Kd1 Rh2 40. Ra3 Nf2+ 41. Kc1 Nxd3+ 42. Rxd3 Rxa2 43. Kb1 Ra4 44. Rh3 Rb4+ 45. Ka2 Ke4 46. Rh7 Rxc4 47. Rxe7+ Kxd5 48. Rxa7 Rb4 49. Rh7 Kc5 50. Ka3 Rb8 51. Rc7+ Kd4 52. Rc1 d5 53. Ka4 Ke3 0-1

[Event "Aarhus Chess House"]
[Site "Aarhus"]
[Date "2020.12.05"]
[Round "9"]
[White "Danielsen, Henrik"]
[Black "Bjerre, Jonas Buhl"]
[Result "1/2-1/2"]
[WhiteElo "2514"]
[BlackElo "2559"]
[PlyCount "38"]
[EventDate "2020.11.29"]
[EventType "tourn"]
[EventRounds "9"]
[EventCountry "DEN"]
[EventCategory "6"]
[SourceTitle "CBM 199 Extra"]
[Source "ChessBase"]
[SourceDate "2021.01.31"]
[SourceVersion "1"]
[SourceVersionDate "2021.01.31"]
[SourceQuality "1"]

1. d4 Nf6 2. Nf3 d5 3. c4 e6 4. e3 b6 5. Be2 Bd6 6. 0-0 0-0 7. b3 Bb7 8. Bb2 Nbd7 9. Nbd2 Qe7 10. Qc2 Rac8 11. Rfd1 c5 12. Rac1 cxd4 13. Nxd4 Bb4 14. Qb1 Rfd8 15. N4f3 Ba3 16. cxd5 Nxd5 17. Rxc8 Rxc8 18. Rc1 Rxc1+ 19. Qxc1 Bxb2 1/2-1/2

[Event "Aarhus Chess House"]
[Site "Aarhus"]
[Date "2020.12.03"]
[Round "7"]
[White "Danielsen, Henrik"]
[Black "Heimisson, Hilmir Freyr"]
[Result "1-0"]
[WhiteElo "2514"]
[BlackElo "2352"]
[PlyCount "77"]
[EventDate "2020.11.29"]
[EventType "tourn"]
[EventRounds "9"]
[EventCountry "DEN"]
[EventCategory "6"]
[SourceTitle "CBM 199 Extra"]
[Source "ChessBase"]
[SourceDate "2021.01.31"]
[SourceVersion "1"]
[SourceVersionDate "2021.01.31"]
[SourceQuality "1"]

1. d4 Nf6 2. Nf3 e6 3. c4 c5 4. e3 cxd4 5. exd4 d5 6. a3 Nc6 7. Nc3 Bd6 8. c5 Bc7 9. b4 e5 10. dxe5 Nxe5 11. Bb5+ Bd7 12. 0-0 0-0 13. Bxd7 Qxd7 14. Bg5 Rad8 15. Bxf6 gxf6 16. Nd4 Kh8 17. f4 Ng6 18. g3 Rg8 19. Kh1 Qh3 20. Qf3 Ne7 21. Rad1 Rg4 22. Nce2 a6 23. Qe3 Ng6 24. Rf2 Qh5 25. Qf3 Rg8 26. Nc2 Bxf4 27. gxf4 d4 28. Ncxd4 Nh4 29. Qxb7 R4g6 30. Qe4 Qg4 31. Nf3 f5 32. Qd4+ f6 33. Nxh4 Qxh4 34. Rg1 Qh3 35. Rxg6 Rxg6 36. Qc3 Qh4 37. Qf3 Rg8 38. Rg2 Re8 39. Qg3 1-0

[Event "Aarhus Chess House"]
[Site "Aarhus"]
[Date "2020.11.30"]
[Round "3"]
[White "Haubro, Martin"]
[Black "Danielsen, Henrik"]
[Result "0-1"]
[WhiteElo "2423"]
[BlackElo "2514"]
[PlyCount "56"]
[EventDate "2020.11.29"]
[EventType "tourn"]
[EventRounds "9"]
[EventCountry "DEN"]
[EventCategory "6"]
[SourceTitle "CBM 199 Extra"]
[Source "ChessBase"]
[SourceDate "2021.01.31"]
[SourceVersion "1"]
[SourceVersionDate "2021.01.31"]
[SourceQuality "1"]

1. e4 d6 2. d4 Nf6 3. Nc3 g6 4. Be3 c6 5. a4 Nbd7 6. f4 e5 7. Bd3 Bh6 8. Qf3 0-0 9. Nge2 exd4 10. Bxd4 Bg7 11. 0-0 Qa5 12. h3 Nc5 13. b4 Qxb4 14. a5 Nfxe4 15. Bxg7 Nd2 16. Qe3 Nxf1 17. Rxf1 Kxg7 18. f5 Nxd3 19. f6+ Kh8 20. Ne4 g5 21. cxd3 Qxa5 22. Nxd6 Be6 23. Nd4 Qd5 24. Ne4 Rad8 25. Nf3 Qxd3 26. Qxg5 Rg8 27. Qh4 Rd5 28. Neg5 Rdxg5 0-1

[Event "DEN-chT 2021"]
[Site "Denmark"]
[Date "2020.10.24"]
[Round "1.5"]
[White "Danielsen, Henrik"]
[Black "Madsen, Michael Bohring"]
[Result "1-0"]
[WhiteElo "2514"]
[BlackElo "2046"]
[PlyCount "35"]
[EventDate "2020.10.24"]
[EventType "team-tourn"]
[EventRounds "9"]
[EventCountry "DEN"]
[SourceTitle "EXT 2025"]
[Source "ChessBase"]
[SourceDate "2024.10.14"]
[SourceVersion "1"]
[SourceVersionDate "2024.10.14"]
[SourceQuality "1"]
[WhiteTeam "Koge"]
[BlackTeam "Fredericia"]
[WhiteTeamCountry "DEN"]
[BlackTeamCountry "DEN"]

1. Nf3 Nf6 2. c4 e6 3. g3 a6 4. Bg2 b5 5. b3 Bb7 6. 0-0 c5 7. Nc3 b4 8. Na4 Be7 9. Bb2 0-0 10. d4 cxd4 11. Qxd4 Nc6 12. Qb6 Qxb6 13. Nxb6 Rad8 14. Rad1 d6 15. Ne1 Nd7 16. Nxd7 Rxd7 17. Nd3 a5 18. Nc5 1-0

[Event "Aarhus op"]
[Site "Aarhus"]
[Date "2020.02.15"]
[Round "4"]
[White "Danielsen, Henrik"]
[Black "Ochsner, Bjorn Moller"]
[Result "1/2-1/2"]
[WhiteElo "2511"]
[BlackElo "2472"]
[PlyCount "85"]
[EventDate "2020.02.14"]
[EventType "swiss"]
[EventRounds "7"]
[EventCountry "DEN"]
[SourceTitle "CBM 195 Extra"]
[Source "ChessBase"]
[SourceDate "2020.05.31"]
[SourceVersion "1"]
[SourceVersionDate "2020.05.31"]
[SourceQuality "1"]

1. d4 Nf6 2. Nf3 d5 3. c4 e6 4. e3 a6 5. Nbd2 c5 6. dxc5 Bxc5 7. a3 dxc4 8. Bxc4 0-0 9. b4 Be7 10. Bb2 b5 11. Be2 Bb7 12. 0-0 Nbd7 13. Rc1 Rc8 14. Rxc8 Qxc8 15. Qa1 Qa8 16. Rc1 Rc8 17. h3 Bd5 18. Bd3 Nb6 19. Rxc8+ Qxc8 20. e4 Bb7 21. Bd4 Nc4 22. Qc3 Nxd2 23. Qxc8+ Bxc8 24. Nxd2 Nd7 25. f4 e5 26. fxe5 Bg5 27. Nb3 Bf4 28. e6 fxe6 29. Kf2 Bb7 30. g3 Bd6 31. Nd2 Ne5 32. Be2 Kf7 33. Nf3 Nxf3 34. Bxf3 e5 35. Bb6 Bc8 36. h4 Be6 37. Ke3 Ke7 38. Kd2 Kd7 39. Kc3 Kc6 40. Bd8 Kd7 41. Bb6 Kc6 42. Bd8 Kd7 43. Bb6 1/2-1/2

[Event "DEN-chT 1920 58th"]
[Site "Denmark"]
[Date "2020.01.26"]
[Round "6.6"]
[White "Danielsen, Henrik"]
[Black "Hansen, Mads"]
[Result "1-0"]
[WhiteElo "2497"]
[BlackElo "2408"]
[PlyCount "63"]
[EventDate "2019.11.23"]
[EventType "team-tourn"]
[EventRounds "9"]
[EventCountry "DEN"]
[SourceTitle "CBM 195 Extra"]
[Source "ChessBase"]
[SourceDate "2020.05.31"]
[SourceVersion "1"]
[SourceVersionDate "2020.05.31"]
[SourceQuality "1"]
[WhiteTeam "Koge Xtracon"]
[BlackTeam "Skanderborg Nordea"]
[WhiteTeamCountry "DEN"]
[BlackTeamCountry "DEN"]

1. e4 e5 2. Nf3 Nc6 3. Be2 Nf6 4. d3 d5 5. Nbd2 g6 6. 0-0 Bg7 7. a3 a5 8. b3 0-0 9. Bb2 Re8 10. c3 Nh5 11. g3 Bg4 12. Re1 Bh6 13. b4 axb4 14. axb4 Rxa1 15. Bxa1 Nf6 16. exd5 Qxd5 17. c4 Qd6 18. b5 Bxd2 19. Qxd2 Bxf3 20. Bxf3 Nd8 21. Qc3 Nd7 22. d4 f6 23. c5 Qe6 24. Bxb7 Nxb7 25. c6 Nd6 26. cxd7 Qxd7 27. dxe5 Nf7 28. Qc4 fxe5 29. Rxe5 Kf8 30. Rxe8+ Qxe8 31. Qc5+ Nd6 32. Be5 1-0

[Event "Aarhus Chess House GM 12"]
[Site "Aarhus"]
[Date "2019.12.16"]
[Round "8"]
[White "Danielsen, Henrik"]
[Black "Ochsner, Bjorn Moller"]
[Result "1/2-1/2"]
[WhiteElo "2500"]
[BlackElo "2492"]
[PlyCount "81"]
[EventDate "2019.12.11"]
[EventType "tourn"]
[EventRounds "9"]
[EventCountry "DEN"]
[EventCategory "8"]
[SourceTitle "CBM 193 Extra"]
[Source "ChessBase"]
[SourceDate "2020.01.31"]
[SourceVersion "1"]
[SourceVersionDate "2020.01.31"]
[SourceQuality "1"]

1. Nf3 c5 2. c3 Nf6 3. d4 e6 4. g3 Nc6 5. Bg2 d5 6. 0-0 cxd4 7. cxd4 Be7 8. Nc3 0-0 9. Bg5 h6 10. Bxf6 Bxf6 11. a3 b6 12. b4 Bb7 13. Rc1 Rc8 14. e3 Ne7 15. Qb3 Nf5 16. Rfd1 Nd6 17. Nd2 Rc7 18. Bf1 Qe7 19. Nb5 Nxb5 20. Bxb5 Rfc8 21. Qb2 e5 22. Nf3 Rxc1 23. Rxc1 Rxc1+ 24. Qxc1 exd4 25. Nxd4 g6 26. h4 Kg7 27. Qc3 h5 28. Bf1 Qd8 29. Bg2 a5 30. bxa5 bxa5 31. Qb3 Qc7 32. Qb5 Bc8 33. Bxd5 Qc1+ 34. Kg2 Qxa3 35. Qc4 Qd6 36. Bxf7 Bb7+ 37. f3 Bxd4 38. exd4 Bxf3+ 39. Kxf3 Qf6+ 40. Kg2 Qxf7 41. d5 1/2-1/2